000 02074nam a2200373 a 4500
003 BLK
005 20240709150247.0
008 200702b bu |||||r|||| 00| | bu d
020 _a9786199130629
020 _a978-619-91306-2-9
040 _aBLK
041 _aBUL
_cBUL
080 _aМузиканти-творци, композитори
_b78.071.1
_x(438)(092)
_z78.071.1(438)(092)
080 _aМузиканти-творци, композитори
_b78.071.1
_x(474.2)(092)
_z78.071.1(474.2)(092)
080 _aЦърковни Оратории, Пасиони, Кантати
_b783.3
_z783.3
084 _aГ 76
100 _aГраматиков, Илия Димитров
_91299
245 _aПасионът през втората половина на XX век : композиторски решения на литургичния жанр
_cИлия Граматиков ; науч. ред. Наташа Япова.
260 _9456923
_aСофия
_bНац. муз. акад. Проф. Панчо Владигеров
_c2019
_fСофия : Дайрект сървисиз
300 _a389 с.
_bс цв. ил., ноти, табл.
_c30 см
380 _a7
500 _aБиогр. данни за авт. отбелязани на гърба на кор. Кн. е ил. с рис. на: Адриен Изенбранд, Майстер Франке, Салвадор Дали, Николай Майсторов
504 _aБиблиогр.: с. 313-326
650 0 _9417332
_aПендерецки, Кшищоф, 1933-2020 - творчество
650 0 _9417333
_aПярт, Арво, 1935- - творчество
650 0 _9279484
_aМузика, църковна
700 _9695
_aЯпова, Наташа Петрова
_eнауч. ред.
852 _aЦб ІІ 25384
_bЦб
852 _bИП
_c78.071.1(092)/Г 76 И
942 _cKNG
_n0
_s1
944 _aCR
_c2020-07-02
_k30540
_lСевдалина Тодорова
944 _aED
_c2024-07-09
_kСевдалина Тодорова
999 _c372807
_d372807